000 02794nam0a2200445 4500
001 RU\NLR\BIBL_A\012477375
005 20210405161526.0
010 _a978-5-2760-2587-2
_9100
021 _aRU
_bКН-П-20-071512
_9КН-П-20-5378
035 _a(NLR Aleph) 012477375
035 _a(RuMoRGB)010477457
090 _a12111508
_c12111508
100 _a20210317d2020 k y0rusy50 ca
101 0 _arus
102 _aRU
105 _aac||z|||000zy
181 0 _ai
_baxxe
182 0 _an
200 1 _aОсновоположники электрических методов и технологий обработки материалов
_eмонография
_f[Балмасов А. В., Болога М. К., Вячеславова О. Ф. и др.]
_gпод научной редакцией д.т.н., профессора Б. П. Саушкина
_gМинистерство науки и высшего образования Российской Федерации, Федеральное государственное бюджетное образовательное учреждение высшего образования "Московский политехнический университет" (Московский Политех)
203 _aТекст
_bвизуальный
_cнепосредственный
210 _aМосква
_cМосковский Политех
_d2020
215 _a226 с.
_cил., портр., табл.
_d24
300 _aАвт. указаны на обороте тит. л.
300 _aНа с. 225-226 авт.: Балмасов А. В. - д.т.н., проф., Болога М. К. - д.т.н., проф., акад. АН Респ. Молдова, Вячеславова О. Ф. - д.т.н., проф. [и др.]
320 _aБиблиогр.: с. 213-224 (141 назв.)
606 1 _aЭлектрообработка металлов
_9991309
_3RU\NLR\AUTH\6656577
606 1 _aЭлектротехнология
_xИстория
_yСССР
_92391247
_3RU\NLR\AUTH\661426013
686 1 _aК55
686 1 _aЖ614г(2)
701 1 _aБалмасов
_bА. В.
_cд-р техн. наук
_gАнатолий Викторович
_9171740
_3RU\NLR\AUTH\770171790
701 1 _7ca
_8rus
_aБолога
_bМ. К.
_gМирча Кириллович
_916898
_3RU\NLR\AUTH\7733891
701 1 _aВячеславова
_bО. Ф.
_gОльга Фёдоровна
702 1 _aСаушкин
_bБ. П.
_gБорис Петрович
_4340
712 0 2 _4475
_aМосковский политехнический университет
_9550918
_3RU\NLR\AUTH\880443466
942 _cBOOK
980 _aNBR
980 _aNB